| Tag |
First Indicator |
Second Indicator |
Subfields |
| LEADER |
00000cam a2200000 a 4500 |
| 001 |
in00000035131 |
| 005 |
20151007055310.0 |
| 008 |
870612s1987 mauac b 00110 eng |
| 010 |
|
|
|a 87011940
|
| 020 |
|
|
|a 080577971X (alk. paper)
|
| 020 |
|
|
|a 0805780092 (pbk. : alk. paper)
|
| 035 |
|
|
|a (OCoLC)16092129
|
| 035 |
|
|
|9 AAB7835AM
|
| 040 |
|
|
|a DLC
|c DLC
|d TXA
|d UtOrBLW
|
| 049 |
|
|
|a TXAM
|c [A11088270]
|
| 050 |
0 |
0 |
|a BF1078.F73
|b P67 1987
|
| 082 |
0 |
|
|a 154.6/3
|2 19
|
| 100 |
1 |
|
|a Porter, Laurence M.,
|d 1936-
|
| 245 |
1 |
4 |
|a The interpretation of dreams :
|b Freud's theories revisited /
|c Laurence M. Porter.
|
| 264 |
|
1 |
|a Boston :
|b Twayne Publishers,
|c [1987]
|
| 264 |
|
4 |
|c ©1987
|
| 300 |
|
|
|a xviii, 139 pages :
|b illustrations, portraits ;
|c 23 cm.
|
| 336 |
|
|
|a text
|b txt
|2 rdacontent
|
| 337 |
|
|
|a unmediated
|b n
|2 rdamedia
|
| 338 |
|
|
|a volume
|b nc
|2 rdacarrier
|
| 490 |
1 |
|
|a Twayne's masterwork studies ;
|v no. 9
|
| 504 |
|
|
|a Bibliography: pages 130-134.
|
| 500 |
|
|
|a Includes index.
|
| 600 |
1 |
0 |
|a Freud, Sigmund,
|d 1856-1939.
|t Traumdeutung.
|
| 650 |
|
0 |
|a Dreams.
|
| 650 |
|
0 |
|a Psychoanalysis.
|
| 830 |
|
0 |
|a Twayne's masterwork studies ;
|v no. 9.
|
| 999 |
|
|
|a MARS
|
| 999 |
f |
f |
|s d11fce4a-0ad4-3c87-b000-2070ddb97f40
|i 7e1c7370-c118-3680-870a-267114035f8e
|t 0
|
| 952 |
f |
f |
|p normal
|a Texas A&M University
|b College Station
|c Sterling C. Evans Library
|d Evans: Library Stacks
|t 0
|e BF1078.F73 P67 1987
|h Library of Congress classification
|i unmediated -- volume
|m A14811088270
|
| 998 |
f |
f |
|a BF1078.F73 P67 1987
|t 0
|l Evans: Library Stacks
|